Объектно-ориентированное программирование в среде WINDOWS: пер. с англ.

Detalles Bibliográficos
Autor Principal: Телло Э. Р. Эрнест Р.
Idioma:ruso
Publicado: Москва, Высшая школа, 1993
Subjects:
Formato: MixedMaterials Libro
KOHA link:https://koha.lib.tpu.ru/cgi-bin/koha/opac-detail.pl?biblionumber=26347

MARC

LEADER 00000nam0a2200000 4500
001 26347
005 20231030201553.0
010 |a 5881820150 
010 |a 0-471-52754-8 
035 |a (RuTPU)RU\TPU\book\26589 
035 |a BOOK00026664 
090 |a 26347 
100 |a 20011209d1993 k y0rusy50 ca 
101 1 |a rus  |c eng 
102 |a RU 
105 |a y z 000zy 
200 1 |a Объектно-ориентированное программирование в среде WINDOWS  |e пер. с англ.  |f Э. Р. Телло 
210 |a Москва  |c Высшая школа  |c Наука-Уайли  |d 1993 
215 |a 347 с. 
610 1 |a вычислительная техника 
610 1 |a программирование 
610 1 |a объектно-ориентированное программирование 
610 1 |a Windows 
675 |a 681.3.06  |v 3 
700 1 |a Телло  |b Э. Р.  |g Эрнест Р. 
801 0 |a RU  |b 63413507  |c 20011209  |g PSBO 
801 2 |a RU  |b 63413507  |c 20170306  |g PSBO 
942 |c BK